Критика чистого разума: пер. с нем.

Detaylı Bibliyografya
Yazar: Кант И. Иммануил
Özet:Иммануил Кант (1724-1804) - великий философ, родоначальник немецкой классической философии. Его труд "Критика чистого разума" является главным сочинением философа и одной из фундаментальных работ в истории философии. "Критика чистого разума" не представляет собой одну стройно выстроенную систему, она скорее является изложением попыток Канта сформулировать и разрешить те проблемные вопросы, которые возникают в процессе исследования. Кант обдумывал свой труд несколько десятилетий, а писал несколько месяцев, по его собственному признанию, не очень задумываясь над ясностью изложения своих идей. Так что не зря уже первые читатели были обескуражены излишней сложностью и запутанностью этой работы. Представляем читателю сжатый до основных положений концентрат этого непосильного для прочтения современным человеком научного труда.
Dil:Rusça
Baskı/Yayın Bilgisi: Москва, Э, 2017
Seri Bilgileri:Великие личности
Konular:
Materyal Türü: MixedMaterials Kitap
KOHA link:https://koha.lib.tpu.ru/cgi-bin/koha/opac-detail.pl?biblionumber=345278

MARC

LEADER 00000nam0a2200000 4500
001 345278
005 20231102005745.0
010 |a 9785699817979 
035 |a (RuTPU)RU\TPU\book\377115 
090 |a 345278 
100 |a 20201026d2017 k y0rusy50 ca 
101 1 |a rus  |c ger 
102 |a RU 
105 |a y z 000zy 
200 1 |a Критика чистого разума  |e пер. с нем.  |f И. Кант 
210 |a Москва  |c Э  |d 2017 
215 |a 160 с. 
225 1 |a Великие личности 
330 |a Иммануил Кант (1724-1804) - великий философ, родоначальник немецкой классической философии. Его труд "Критика чистого разума" является главным сочинением философа и одной из фундаментальных работ в истории философии. "Критика чистого разума" не представляет собой одну стройно выстроенную систему, она скорее является изложением попыток Канта сформулировать и разрешить те проблемные вопросы, которые возникают в процессе исследования. Кант обдумывал свой труд несколько десятилетий, а писал несколько месяцев, по его собственному признанию, не очень задумываясь над ясностью изложения своих идей. Так что не зря уже первые читатели были обескуражены излишней сложностью и запутанностью этой работы. Представляем читателю сжатый до основных положений концентрат этого непосильного для прочтения современным человеком научного труда. 
606 1 |a Классическая немецкая философия  |2 stltpush  |3 (RuTPU)RU\TPU\subj\14477  |9 40858 
610 1 |a философия 
610 1 |a Германия 
610 1 |a 18 век 
610 1 |a философские взгляды 
610 1 |a познание 
610 1 |a трансцендентальная эстетика 
610 1 |a метафизика 
610 1 |a логика 
610 1 |a аналитика 
610 1 |a дедукция 
610 1 |a рассудочные понятия 
610 1 |a диалектика 
610 1 |a разум 
686 |a Ю3(4Г)5-563  |v LBC/SL-A  |2 rubbk 
700 1 |a Кант  |b И.  |c родоначальник немецкой классической философии  |f 1724-1804  |g Иммануил  |2 stltpush  |3 (RuTPU)RU\TPU\pers\208  |9 105 
801 1 |a RU  |b 63413507  |c 20201026 
801 2 |a RU  |b 63413507  |c 20201113  |g RCR 
942 |c BK